Statistics for European Countries With the Highest Murder Rates

Click here to take the quiz!

General Stats

  • This quiz has been taken 2,196 times
  • The average score is 18 of 21

Answer Stats

Rate per 100,000 inhabitantsCountry% Correct
9.2Russia
97%
4.3Ukraine
94%
1.7Romania
92%
5.1Belarus
90%
1.9Bulgaria
90%
1.7Greece
90%
4.7Latvia
90%
5.0Estonia
89%
6.7Lithuania
89%
5.0Albania
88%
1.4Slovakia
88%
1.3Hungary
87%
6.5Moldova
87%
3.6Kosovo
85%
1.3Bosnia and Herzegovina
84%
2.7Montenegro
82%
1.6Finland
79%
1.4Macedonia
72%
2.8Malta
69%
1.6Belgium
67%
1.3Andorra
52%

Score Distribution

Percentile by Number Answered

Percent of People with Each Score

Your Score History

You have not taken this quiz